00902 2200313 4500001002100000005001500021035002000036007000300056040001700059100002900076245008000105250001200185300003600197504002600233020002200259041000800281090001900289264003800308336002100346337003000367338002300397650001600420700003200436850001000468008004100478990002300519990002300542990002300565INLIS00000000000888220260513024711 a0010-1022000257ta aSBPUPADbind0 aAryo Prayogi;ePengarang1 aSekali Baca Langsung Inget :bMahir BIola SEmudah Membalikan Telapak Tangan a.-cet.1 a128 hlm. :bilus. ;c15 x 23 cm abibiliografi, 127 hlm a978-602-9380-62-0 aind a787 WIJ k 23-8 a.--Jakarta :bKunci Aksara,c2014 2rdacontentateks 2rdamediaatanpa perantara 2rdacarrieravolume 4aseni musik/ aArpan Nurhayati;ePengarang aPUPAD260513 0  a22.460/KAPD/2016/B a22.462/KAPD/2016/B a22.463/KAPD/2016/B